Sistema de Presupuesto de Obras Verticales para Uso en Computadora
Sistema escrito en lenguaje CLIPPER. El sistema ha sido llamado PRESUNI, por ser un sistema de presupuesto de uso exclusivo de la Universidad Nacional de Ingeniería (UNI). El programa en su conjunto ha sido creado para proporcionar presentaciones formales de los diferentes cuadros requeridos para l...
| Main Authors: | , |
|---|---|
| Other Authors: | |
| Format: | Tesis Section = Libro |
| Language: | Undetermined Spanish |
| Published: |
Managua
UNI
1997
|
| Subjects: |
| LEADER | 01130nam a2200241Ia 4500 | ||
|---|---|---|---|
| 008 | 240830s9999 xx 000 0 und d | ||
| 040 | |a BIBLIOTECA-RUPAP Mon 001.6425 G216 | ||
| 041 | |a spa | ||
| 082 | |a Mon 001.6425 G216 | ||
| 100 | 1 | |a Gaitán Navarrete, Aquiles | |
| 100 | 1 | |b García Calderón, José Ramón | |
| 245 | 1 | 0 | |a Sistema de Presupuesto de Obras Verticales para Uso en Computadora |
| 260 | |a Managua |b UNI |c 1997 | ||
| 300 | |a 136 p. :il. | ||
| 500 | |a Contiene: tablas. | ||
| 502 | |a Tesis (Ingeniero Civil)- UNI, 1997. | ||
| 520 | 3 | |a Sistema escrito en lenguaje CLIPPER. El sistema ha sido llamado PRESUNI, por ser un sistema de presupuesto de uso exclusivo de la Universidad Nacional de Ingeniería (UNI). El programa en su conjunto ha sido creado para proporcionar presentaciones formales de los diferentes cuadros requeridos para la ejecución de los proyectos, en los que se requieran análisis de costos detallados. | |
| 650 | 7 | |a PROGRAMAS (SOFTWARE) - USO | |
| 650 | 7 | |b PRESUPUESTO - OBRAS VERTICALES | |
| 700 | 1 | |a Tutor: |b Toruño Villavicencio, Mayra | |
| 942 | |c BK |2 ddc | ||
| 991 | |a TESIS | ||
| 999 | |c 15258 | ||